Meses del año en inglés - Estadísticas

Estadísticas generales
  • Esta prueba ha sido intentada 3.462 veces
  • La puntuación promedio es 12 de 12
Estadísticas de respuestas
Mes % Correcto
April
99%
July
99%
March
99%
May
99%
November
99%
September
99%
December
98%
January
98%
June
98%
October
98%
February
96%
August
94%
No se encontraron pruebas coincidentes
Distribución de puntuación
Porcentaje de gente con cada puntuación
Porcentaje por número respondido
Historial de tus puntuaciones
No has intentado esta prueba.